000 00482nam a2200181Ia 4500
001 13187
005 20260306163035.0
008 260306t2016||||xx |||||||||||||| ||spa||
041 _aESP
082 _a001.42
_bA196
100 _aAvolio Alecchi, Beatrice
_eAUT
245 0 _aMétodos cualitativos de investigación:
_b: una aplicación al estudio de caso
260 _c2016
300 _a232 páginas :
_c22 cm.
650 _aGEN
654 _aCHU
942 _cLIB
_dJUS
_fJUS
_2ddc
_n
999 _c13187
_d13187